000 00798nam a2200217Ia 4500
003 GCL
008 140319s9999 xx 000 0 ara d
040 _aGCL /
_cGCL
082 0 4 _a621.8676
_bف ا
100 1 _aفاروق محمد العامرى
245 1 0 _aاصلاح المصاعد الكهربائية والسلالم المتحركة /
_cفاروق محمد العامرى
260 _a[S.N] :
_bالدار المصرية اللبنانية ،
_c1990
490 _aموسوعة العامرى للالكترونيات
_v0
650 0 4 _aالمصاعد
650 0 4 _aتصميم وتشيد
650 0 4 _aالالكترونيات فى النقل
650 0 4 _aالروافع
650 0 4 _aالروافع الكهربائية
650 0 4 _aالالكترونيات
942 _2ddc
_cBK
999 _c35855
_d35855